[Event "European Team-ch 2007"]
[Site "Crete GRE"]
[Date "2007.10.28"]
[Round "1.9"]
[White "Van Den Doel, Erik"]
[Black "D'amore, Carlo"]
[Result "1/2-1/2"]
[WhiteElo "2593"]
[BlackElo "2477"]
[PlyCount "105"]
[EventDate "2007.10.28"]
[EventType "team"]
[EventRounds "9"]
[EventCountry "GRE"]
[Source "lmi"]
[SourceDate "2007.10.28"]
[WhiteTeam "Netherlands"]
[BlackTeam "Italy"]
[WhiteTeamCountry "NED"]
[BlackTeamCountry "ITA"]

1. e4 e5 2. Nf3 Nc6 3. Bb5 Nf6 4. O-O Nxe4 5. d4 Nd6 6. Bxc6 dxc6 7. dxe5 Nf5
8. Qxd8+ Kxd8 9. Nc3 Ne7 10. Nd4 Ng6 11. f4 Bc5 12. Be3 Bb6 13. Rae1 Ne7 14. e6
c5 15. Nb3 Bxe6 16. Bxc5 Re8 17. Bxb6 axb6 18. Nd4 Bd7 19. a3 Nf5 20. Rxe8+
Kxe8 21. Nxf5 Bxf5 22. Nd5 Rd8 23. Nxc7+ Kf8 24. Re1 g6 25. Re2 Bg4 26. Rf2
Rd1+ 27. Rf1 Rd7 28. Na8 Rd6 29. h3 Bd7 30. c4 Be6 31. Rc1 Rd2 32. b4 b5 33.
cxb5 Bd5 34. Nb6 Bxg2 35. h4 Be4 36. a4 Rg2+ 37. Kf1 Rh2 38. Rc8+ Kg7 39. Ke1
Rxh4 40. a5 h5 41. a6 bxa6 42. bxa6 Rh1+ 43. Kf2 Ra1 44. b5 Ra2+ 45. Ke3 Bg2
46. Rc4 Bf1 47. Ra4 Rxa4 48. Nxa4 Bxb5 49. a7 Bc6 50. Nb6 h4 51. a8=Q Bxa8 52.
Nxa8 g5 53. fxg5 1/2-1/2

[Event "European Team-ch 2007"]
[Site "Crete GRE"]
[Date "2007.10.28"]
[Round "1.9"]
[White "Manca, Federico"]
[Black "L'ami, Erwin"]
[Result "0-1"]
[WhiteElo "2405"]
[BlackElo "2577"]
[PlyCount "115"]
[EventDate "2007.10.28"]
[EventType "team"]
[EventRounds "9"]
[EventCountry "GRE"]
[Source "lmi"]
[SourceDate "2007.10.28"]
[WhiteTeam "Italy"]
[BlackTeam "Netherlands"]
[WhiteTeamCountry "ITA"]
[BlackTeamCountry "NED"]

1. e4 e5 2. Nf3 Nc6 3. d4 exd4 4. Nxd4 Nf6 5. Nxc6 bxc6 6. e5 Qe7 7. Qe2 Nd5 8.
c4 Ba6 9. b3 O-O-O 10. g3 g5 11. Bg2 Bg7 12. Bb2 Rde8 13. O-O Bxe5 14. Qxe5
Qxe5 15. Bxe5 Rxe5 16. cxd5 Bxf1 17. Kxf1 cxd5 18. Nc3 c6 19. Rc1 Kd8 20. Na4
h5 21. Re1 f6 22. Nc5 Kc7 23. Nd3 Rxe1+ 24. Kxe1 h4 25. g4 Kd6 26. b4 a5 27. a3
axb4 28. axb4 Ra8 29. Kd2 Ra1 30. h3 Kc7 31. Kc3 Kb6 32. Bf3 d6 33. Kb2 Rg1 34.
Kc2 Kb5 35. Kb3 d4 36. Be4 Ra1 37. Kb2 Ra7 38. Kb3 Re7 39. Bf3 c5 40. bxc5 dxc5
41. Bd5 Re2 42. Bf7 Kc6 43. Bg6 Kd6 44. Bh7 Kd5 45. Bg8+ Kc6 46. Bf7 Kd6 47.
Bg6 Kd5 48. Bf7+ Ke4 49. Nxc5+ Kf3 50. Nd3 Kg2 51. Bd5+ Kxh3 52. Bf3 Rxf2 53.
Nxf2+ Kg3 54. Bc6 Kxf2 55. Kc2 h3 56. Kd3 h2 57. Kxd4 Kg1 58. Kd5 0-1

[Event "European Team-ch 2007"]
[Site "Crete GRE"]
[Date "2007.10.28"]
[Round "1.10"]
[White "Djukic, Nikola"]
[Black "Socko, Bartosz"]
[Result "1-0"]
[WhiteElo "2528"]
[BlackElo "2646"]
[PlyCount "79"]
[EventDate "2007.10.28"]
[EventType "team"]
[EventRounds "9"]
[EventCountry "GRE"]
[Source "lmi"]
[SourceDate "2007.10.28"]
[WhiteTeam "MNE"]
[BlackTeam "Poland"]
[BlackTeamCountry "POL"]

1. e4 e5 2. Nf3 Nc6 3. Bb5 a6 4. Ba4 Nf6 5. O-O Be7 6. Re1 b5 7. Bb3 d6 8. c3
O-O 9. h3 Nb8 10. d4 Nbd7 11. Nbd2 Bb7 12. Bc2 Re8 13. Nf1 Bf8 14. Ng3 g6 15.
b3 exd4 16. cxd4 c5 17. d5 Bg7 18. Bf4 Qc7 19. Qd2 Ne5 20. Nxe5 dxe5 21. Be3
Rec8 22. a4 Ne8 23. axb5 axb5 24. Rxa8 Rxa8 25. Qc3 c4 26. bxc4 bxc4 27. Rb1
Nd6 28. Bb6 Qd7 29. Bc5 Ba6 30. Qb4 Nb7 31. Ba4 Qc8 32. Be7 Nd8 33. Ne2 Ra7 34.
Qd6 Rxe7 35. Qxe7 Nb7 36. Bc6 Na5 37. Bd7 Qa8 38. Be8 f5 39. d6 Nb7 40. Bc6 1-0

[Event "European Team-ch 2007"]
[Site "Crete GRE"]
[Date "2007.10.28"]
[Round "1.10"]
[White "Miton, Kamil"]
[Black "Drasko, Milan"]
[Result "0-1"]
[WhiteElo "2628"]
[BlackElo "2557"]
[PlyCount "116"]
[EventDate "2007.10.28"]
[EventType "team"]
[EventRounds "9"]
[EventCountry "GRE"]
[Source "lmi"]
[SourceDate "2007.10.28"]
[WhiteTeam "Poland"]
[BlackTeam "MNE"]
[WhiteTeamCountry "POL"]

1. d4 e6 2. c4 Nf6 3. Nc3 Bb4 4. Qc2 d6 5. Nf3 O-O 6. Bg5 Nbd7 7. e3 c5 8. Bd3
Qc7 9. O-O Bxc3 10. Qxc3 b6 11. e4 cxd4 12. Nxd4 Bb7 13. Rfe1 a6 14. Re3 h6 15.
Bh4 Rac8 16. a4 Rfe8 17. Rf1 Qc5 18. h3 Qh5 19. Bxf6 Nxf6 20. f4 Qc5 21. b4 Qc7
22. Qd2 d5 23. cxd5 exd5 24. e5 Ne4 25. Bxe4 dxe4 26. Nf5 Rcd8 27. Nd6 Re6 28.
Rc1 Qe7 29. Rec3 Rexd6 30. exd6 Rxd6 31. Qe3 Qf6 32. Kh2 Rd4 33. Rb1 Qd6 34. a5
b5 35. Rb2 g5 36. Qg3 Qxf4 37. Qxf4 gxf4 38. Rc7 Bd5 39. Rd7 e3 40. Rc2 Kg7 41.
Rd6 Rd1 42. h4 h5 43. Rb2 Kf8 44. Rc2 Ke7 45. Rxa6 Rd2 46. Ra7+ Kf6 47. Rac7 f3
48. Kg3 Rxc2 49. Rxc2 f2 50. Rc1 Ke5 51. a6 Ke4 52. a7 Bb7 53. Rc7 f1=Q 54.
Rxb7 Qf4+ 55. Kh3 Qg4+ 56. Kh2 Qxh4+ 57. Kg1 Qe1+ 58. Kh2 Qa1 0-1

[Event "European Team-ch 2007"]
[Site "Crete GRE"]
[Date "2007.10.28"]
[Round "1.10"]
[White "Bartel, Mateusz"]
[Black "Kosic, Dragan"]
[Result "0-1"]
[WhiteElo "2608"]
[BlackElo "2482"]
[PlyCount "124"]
[EventDate "2007.10.28"]
[EventType "team"]
[EventRounds "9"]
[EventCountry "GRE"]
[Source "lmi"]
[SourceDate "2007.10.28"]
[WhiteTeam "Poland"]
[BlackTeam "MNE"]
[WhiteTeamCountry "POL"]

1. e4 e6 2. d4 d5 3. Nc3 Nf6 4. e5 Nfd7 5. f4 c5 6. Nf3 Nc6 7. Be3 Be7 8. Qd2
O-O 9. a3 a6 10. Be2 b5 11. O-O Qb6 12. b4 cxb4 13. axb4 Bxb4 14. Qd3 Bxc3 15.
Qxc3 b4 16. Qe1 f5 17. Qh4 Qd8 18. Qh3 Nb6 19. Kh1 Nc4 20. Bf2 Ne7 21. Rg1 Ng6
22. Qg3 Bd7 23. h4 Nh8 24. Qh3 Ng6 25. Qh2 Bb5 26. h5 Ne7 27. h6 g6 28. Ne1
Nxe5 29. Bxb5 Ng4 30. Qh4 axb5 31. Rxa8 Qxa8 32. Nd3 Nc6 33. Re1 Re8 34. Nc5
Kf7 35. Bg1 Re7 36. Nd3 Qa2 37. Rc1 Qc4 38. Qe1 Qc3 39. Qd1 Ra7 40. Qe2 Re7 41.
Qd1 Ra7 42. Qe2 Nxh6 43. Nc5 Re7 44. Rd1 Ng4 45. Rd3 Qa1 46. Rd1 Qb2 47. Bf2 h6
48. Nb3 Qc3 49. Rd3 Qc4 50. Nc5 g5 51. Bg1 Nd8 52. Qd2 Kg6 53. Rb3 Qf1 54. Rf3
Qc4 55. Nd3 Nf7 56. Nxb4 Nd6 57. Nd3 Ne4 58. Qa5 Qxc2 59. Qxb5 Qc8 60. Qb4 Rb7
61. Qe1 Qc2 62. Nb4 Qd2 0-1

[Event "European Team-ch 2007"]
[Site "Crete GRE"]
[Date "2007.10.28"]
[Round "1.11"]
[White "Jobava, Baadur"]
[Black "Steingrimsson, Hedinn"]
[Result "1-0"]
[WhiteElo "2644"]
[BlackElo "2533"]
[PlyCount "41"]
[EventDate "2007.10.28"]
[EventType "team"]
[EventRounds "9"]
[EventCountry "GRE"]
[Source "lmi"]
[SourceDate "2007.10.28"]
[WhiteTeam "Georgia"]
[BlackTeam "Iceland"]
[WhiteTeamCountry "GEO"]
[BlackTeamCountry "ISL"]

1. e4 c5 2. Nf3 e6 3. Nc3 a6 4. Be2 b5 5. d4 cxd4 6. Nxd4 Bb7 7. O-O Qc7 8. Re1
Nf6 9. Bf3 d6 10. a4 bxa4 11. Nd5 exd5 12. exd5+ Kd8 13. Rxa4 Nxd5 14. Bg5+ Be7
15. Bxd5 Bxg5 16. Rc4 Qb6 17. Bxf7 Bf6 18. Ne6+ Ke7 19. Nxg7+ Kf8 20. Re8+ Kxg7
21. Qg4+ 1-0

[Event "European Team-ch 2007"]
[Site "Crete GRE"]
[Date "2007.10.28"]
[Round "1.11"]
[White "Danielsen, Henrik"]
[Black "Gelashvili, Tamaz"]
[Result "1/2-1/2"]
[WhiteElo "2491"]
[BlackElo "2623"]
[PlyCount "63"]
[EventDate "2007.10.28"]
[EventType "team"]
[EventRounds "9"]
[EventCountry "GRE"]
[Source "lmi"]
[SourceDate "2007.10.28"]
[WhiteTeam "Iceland"]
[BlackTeam "Georgia"]
[WhiteTeamCountry "ISL"]
[BlackTeamCountry "GEO"]

1. e4 e5 2. Nf3 d6 3. d4 exd4 4. Nxd4 Nf6 5. Nc3 Be7 6. Be2 O-O 7. O-O Re8 8.
f4 c5 9. Nf3 Nc6 10. Re1 a6 11. e5 dxe5 12. fxe5 Nd7 13. Bf4 Nf8 14. Nd5 Ng6
15. Bg3 Be6 16. c4 Nb4 17. Nxb4 cxb4 18. Kh1 Qa5 19. Bd3 Rad8 20. Qe2 Bf8 21.
b3 f5 22. Bh4 Nxh4 23. Nxh4 g6 24. Rad1 Bd7 25. Qe3 Bc6 26. c5 Bd7 27. Bc4+ Be6
28. Nxf5 gxf5 29. Qg5+ Kh8 30. Qf6+ Kg8 31. Qg5+ Kh8 32. Qf6+ 1/2-1/2

[Event "European Team-ch 2007"]
[Site "Crete GRE"]
[Date "2007.10.28"]
[Round "1.11"]
[White "Pantsulaia, Levan"]
[Black "Kristjansson, Stefan"]
[Result "1-0"]
[WhiteElo "2617"]
[BlackElo "2458"]
[PlyCount "87"]
[EventDate "2007.10.28"]
[EventType "team"]
[EventRounds "9"]
[EventCountry "GRE"]
[Source "lmi"]
[SourceDate "2007.10.28"]
[WhiteTeam "Georgia"]
[BlackTeam "Iceland"]
[WhiteTeamCountry "GEO"]
[BlackTeamCountry "ISL"]

1. Nf3 Nc6 2. d4 d5 3. e3 Bg4 4. Bb5 e6 5. c4 dxc4 6. Nbd2 Nge7 7. O-O a6 8.
Bxc4 Nd5 9. h3 Bh5 10. b3 Be7 11. Bb2 O-O 12. a3 Nb8 13. Rc1 Nd7 14. Ne4 N5f6
15. Ng3 Bg6 16. Nh4 c5 17. Nxg6 hxg6 18. Be2 Rc8 19. Bf3 b5 20. dxc5 Rxc5 21.
Ne2 Qc7 22. Rxc5 Bxc5 23. Qa1 Bd6 24. Rc1 Qb8 25. Nd4 Ne5 26. Be2 Rc8 27. Rxc8+
Qxc8 28. Nxb5 axb5 29. Bxe5 Bxe5 30. Qxe5 Qc1+ 31. Bf1 Qxa3 32. Qxb5 Qb2 33. b4
Kh7 34. Qb7 Kg8 35. Qb8+ Kh7 36. Qf8 e5 37. b5 Qb3 38. Qc5 Qb2 39. Qf8 Qb3 40.
Qe7 Qd5 41. b6 Nd7 42. Qh4+ Kg8 43. Qd8+ Kh7 44. Qc7 1-0

[Event "European Team-ch 2007"]
[Site "Crete GRE"]
[Date "2007.10.28"]
[Round "1.11"]
[White "Thorhallsson, Throstur"]
[Black "Arutinian, David"]
[Result "0-1"]
[WhiteElo "2448"]
[BlackElo "2574"]
[PlyCount "90"]
[EventDate "2007.10.28"]
[EventType "team"]
[EventRounds "9"]
[EventCountry "GRE"]
[Source "lmi"]
[SourceDate "2007.10.28"]
[WhiteTeam "Iceland"]
[BlackTeam "Georgia"]
[WhiteTeamCountry "ISL"]
[BlackTeamCountry "GEO"]

1. e4 c5 2. Nf3 d6 3. d4 cxd4 4. Nxd4 Nf6 5. Nc3 Nc6 6. Bc4 e6 7. Be3 a6 8. Qe2
Qc7 9. Bb3 Na5 10. g4 b5 11. g5 Nd7 12. O-O-O Nxb3+ 13. axb3 Bb7 14. f3 Be7 15.
h4 O-O-O 16. Ndxb5 axb5 17. Nxb5 Ba6 18. Kb1 Kb7 19. Qd2 Bxb5 20. Qb4 Kc6 21.
Qc3+ Nc5 22. b4 Ra8 23. bxc5 dxc5 24. b3 Qa7 25. Bd4 Qa2+ 26. Kc1 Qa3+ 27. Kb1
Qa2+ 28. Kc1 Qa3+ 29. Kb1 Qb4 30. Bxg7 Qxc3 31. Bxc3 Rhd8 32. f4 c4 33. b4 Kb7
34. f5 Bc6 35. Rhe1 Rxd1+ 36. Rxd1 Rd8 37. Re1 Ka6 38. Kb2 Kb5 39. fxe6 fxe6
40. Bf6 Bxf6+ 41. gxf6 Kxb4 42. Re3 e5 43. Rf3 Bxe4 44. c3+ Kc5 45. Re3 Kd5 0-1

[Event "European Team-ch 2007"]
[Site "Crete GRE"]
[Date "2007.10.28"]
[Round "1.12"]
[White "Gyimesi, Zoltan"]
[Black "Atlas, Valery"]
[Result "1/2-1/2"]
[WhiteElo "2610"]
[BlackElo "2482"]
[PlyCount "42"]
[EventDate "2007.10.28"]
[EventType "team"]
[EventRounds "9"]
[EventCountry "GRE"]
[Source "lmi"]
[SourceDate "2007.10.28"]
[WhiteTeam "Hungary"]
[BlackTeam "Austria"]
[WhiteTeamCountry "HUN"]
[BlackTeamCountry "AUT"]

1. d4 Nf6 2. c4 c5 3. d5 e5 4. Nc3 d6 5. e4 Be7 6. g3 O-O 7. Bg2 Nbd7 8. Nge2
a6 9. O-O Ne8 10. a4 g6 11. Bd2 Ng7 12. Qc2 f5 13. f4 Nf6 14. Kh1 Bd7 15. a5
Qc7 16. fxe5 dxe5 17. exf5 gxf5 18. Na4 Be8 19. Nb6 Rd8 20. Ng1 Bg6 21. Nf3 f4
1/2-1/2

[Event "European Team-ch 2007"]
[Site "Crete GRE"]
[Date "2007.10.28"]
[Round "1.12"]
[White "Weiss, Christian"]
[Black "Balogh, Csaba"]
[Result "0-1"]
[WhiteElo "2460"]
[BlackElo "2561"]
[PlyCount "80"]
[EventDate "2007.10.28"]
[EventType "team"]
[EventRounds "9"]
[EventCountry "GRE"]
[Source "lmi"]
[SourceDate "2007.10.28"]
[WhiteTeam "Austria"]
[BlackTeam "Hungary"]
[WhiteTeamCountry "AUT"]
[BlackTeamCountry "HUN"]

1. d4 Nf6 2. Bg5 Ne4 3. Bf4 d5 4. f3 Nf6 5. Nc3 Bf5 6. g4 Bg6 7. e3 e6 8. Bd3
c5 9. Nge2 Nc6 10. O-O Bd6 11. Bxd6 Qxd6 12. Nb5 Qe7 13. c3 O-O 14. Ng3 e5 15.
Bxg6 hxg6 16. Qd2 a6 17. Na3 Rfe8 18. Rae1 Rad8 19. Nc2 Qd6 20. g5 Nh5 21. Nxh5
gxh5 22. f4 cxd4 23. exd4 exd4 24. Nxd4 Nxd4 25. Qxd4 Qd7 26. Qd3 Qg4+ 27. Qg3
Qf5 28. Re5 Rxe5 29. fxe5 Qe6 30. h4 d4 31. Rd1 Qxa2 32. cxd4 Qxb2 33. d5 Qc2
34. Qf3 b5 35. Kh1 Qc4 36. Kg2 Qxh4 37. g6 fxg6 38. d6 Rf8 39. Qd5+ Kh7 40. Rd2
Qg4+ 0-1

[Event "European Team-ch 2007"]
[Site "Crete GRE"]
[Date "2007.10.28"]
[Round "1.12"]
[White "Berkes, Ferenc"]
[Black "Neubauer, Martin"]
[Result "1-0"]
[WhiteElo "2606"]
[BlackElo "2453"]
[PlyCount "51"]
[EventDate "2007.10.28"]
[EventType "team"]
[EventRounds "9"]
[EventCountry "GRE"]
[Source "lmi"]
[SourceDate "2007.10.28"]
[WhiteTeam "Hungary"]
[BlackTeam "Austria"]
[WhiteTeamCountry "HUN"]
[BlackTeamCountry "AUT"]

1. d4 Nf6 2. c4 g6 3. Nc3 d5 4. Nf3 Bg7 5. Qb3 dxc4 6. Qxc4 O-O 7. e4 a6 8. Be2
b5 9. Qb3 c5 10. dxc5 Bb7 11. O-O Nxe4 12. Nxe4 Bxe4 13. Bf4 Bd5 14. Qe3 Nc6
15. Rad1 e6 16. Bd6 Ne7 17. Bxe7 Qxe7 18. Rxd5 Bh6 19. Qe5 Bf4 20. Qe4 f5 21.
Qxf4 exd5 22. Nd4 Qf6 23. Qd2 g5 24. Rc1 Rfe8 25. Bf3 Re5 26. Nxb5 1-0

[Event "European Team-ch 2007"]
[Site "Crete GRE"]
[Date "2007.10.28"]
[Round "1.13"]
[White "Navara, David"]
[Black "Kulaots, Kaido"]
[Result "1-0"]
[WhiteElo "2656"]
[BlackElo "2547"]
[PlyCount "76"]
[EventDate "2007.10.28"]
[EventType "team"]
[EventRounds "9"]
[EventCountry "GRE"]
[Source "lmi"]
[SourceDate "2007.10.28"]
[WhiteTeam "Czech Republic"]
[BlackTeam "Estonia"]
[WhiteTeamCountry "CZE"]
[BlackTeamCountry "EST"]

1. c4 Nf6 2. d4 e6 3. Nc3 Bb4 4. e3 O-O 5. Nge2 Re8 6. a3 Bf8 7. e4 d5 8. e5
Nfd7 9. cxd5 exd5 10. f4 Nb6 11. g3 Bf5 12. Bg2 Qd7 13. h3 h5 14. b3 Qe6 15.
Ra2 N8d7 16. g4 hxg4 17. Ng3 gxh3 18. Bf1 Bg4 19. f5 Qc6 20. Qxg4 Qxc3+ 21. Bd2
Nxe5 22. dxe5 Rxe5+ 23. Be2 Qxb3 24. Ra1 f6 25. Nh5 Qd3 26. Nxf6+ Kf7 27. Qg6+
Ke7 28. Nxd5+ Qxd5 29. Bg5+ Kd7 30. Rd1 Rae8 31. Rh2 Kc8 32. Rxd5 Nxd5 33. Kf1
Nc3 34. Bc4 Re1+ 35. Kf2 Bc5+ 36. Kf3 Rf8 37. Rxh3 Ne4 38. Bf4 Nd6 1-0

[Event "European Team-ch 2007"]
[Site "Crete GRE"]
[Date "2007.10.28"]
[Round "1.13"]
[White "Sepp, Olav"]
[Black "Hracek, Zbynek"]
[Result "0-1"]
[WhiteElo "2457"]
[BlackElo "2598"]
[PlyCount "52"]
[EventDate "2007.10.28"]
[EventType "team"]
[EventRounds "9"]
[EventCountry "GRE"]
[Source "lmi"]
[SourceDate "2007.10.28"]
[WhiteTeam "Estonia"]
[BlackTeam "Czech Republic"]
[WhiteTeamCountry "EST"]
[BlackTeamCountry "CZE"]

1. e4 c5 2. Ne2 Nc6 3. Nbc3 d6 4. h3 e5 5. Nd5 Nge7 6. Nec3 Nxd5 7. Nxd5 Be6 8.
Bc4 Be7 9. d3 O-O 10. O-O a6 11. a4 Rb8 12. f4 b5 13. axb5 axb5 14. Bb3 exf4
15. Bxf4 Bg5 16. Qh5 Bxf4 17. Rxf4 h6 18. Nf6+ Kh8 19. Raf1 c4 20. Rh4 Qb6+ 21.
Kh1 Qc5 22. Nd5 Bxd5 23. Rf6 Qe3 24. Rhf4 Ne5 25. Rxh6+ gxh6 26. Qxh6+ Kg8 0-1

[Event "European Team-ch 2007"]
[Site "Crete GRE"]
[Date "2007.10.28"]
[Round "1.13"]
[White "Babula, Vlastimil"]
[Black "Lauk, Ular"]
[Result "1-0"]
[WhiteElo "2596"]
[BlackElo "2414"]
[PlyCount "89"]
[EventDate "2007.10.28"]
[EventType "team"]
[EventRounds "9"]
[EventCountry "GRE"]
[Source "lmi"]
[SourceDate "2007.10.28"]
[WhiteTeam "Czech Republic"]
[BlackTeam "Estonia"]
[WhiteTeamCountry "CZE"]
[BlackTeamCountry "EST"]

1. d4 Nf6 2. c4 c5 3. d5 b5 4. cxb5 a6 5. bxa6 g6 6. Nc3 Bxa6 7. g3 d6 8. Bg2
Bg7 9. Nf3 Nbd7 10. Rb1 O-O 11. O-O Ne8 12. Re1 Nc7 13. a4 Bc4 14. e4 Qb8 15.
Bf4 Bb3 16. Qd2 Nb6 17. e5 Ncxd5 18. Bh6 e6 19. Bxg7 Kxg7 20. Re4 h6 21. Rh4
Rh8 22. Ne4 Nc4 23. Qe2 g5 24. Rg4 Nxe5 25. Nxe5 dxe5 26. Nxc5 f5 27. Nxe6+ Kf6
28. Nc5 Rd8 29. Nxb3 fxg4 30. Nc5 Nc3 31. Ne4+ Nxe4 32. Qxe4 Ra7 33. Qxg4 Rd4
34. Be4 Rf7 35. h4 gxh4 36. Qxh4+ Kg7 37. Qg4+ Kf8 38. Rc1 Qb6 39. a5 Qxa5 40.
Qg6 Qd2 41. Rc8+ Rd8 42. Rxd8+ Qxd8 43. Qxh6+ Kg8 44. Bf5 Qf8 45. Qe6 1-0

[Event "European Team-ch 2007"]
[Site "Crete GRE"]
[Date "2007.10.28"]
[Round "1.13"]
[White "Liiva, Riho"]
[Black "Polak, Tomas"]
[Result "1/2-1/2"]
[WhiteElo "2442"]
[BlackElo "2540"]
[PlyCount "96"]
[EventDate "2007.10.28"]
[EventType "team"]
[EventRounds "9"]
[EventCountry "GRE"]
[Source "lmi"]
[SourceDate "2007.10.28"]
[WhiteTeam "Estonia"]
[BlackTeam "Czech Republic"]
[WhiteTeamCountry "EST"]
[BlackTeamCountry "CZE"]

1. e4 c6 2. d4 d5 3. Nc3 dxe4 4. Nxe4 Nd7 5. Nf3 Ngf6 6. Nxf6+ Nxf6 7. Bc4 Bf5
8. O-O e6 9. h3 Bd6 10. b3 Qc7 11. Re1 h6 12. Bd3 Bxd3 13. Qxd3 a5 14. c4 O-O
15. Bb2 Rfd8 16. a3 b5 17. Qc2 Qb7 18. Ne5 bxc4 19. bxc4 a4 20. Bc3 Qa6 21.
Reb1 Bxe5 22. dxe5 Nd7 23. Bd4 c5 24. Be3 Nxe5 25. Rb5 Rac8 26. Rab1 Qa8 27.
Rb7 Rd7 28. Rxd7 Nxd7 29. Rb5 Ne5 30. f4 Ng6 31. Rxc5 Rxc5 32. Bxc5 Nxf4 33.
Bd6 Ng6 34. c5 Qc6 35. g3 f5 36. Qg2 Qxg2+ 37. Kxg2 Kf7 38. c6 Ke8 39. Kf3 Kd8
40. Ke3 Nh8 41. Be5 Nf7 42. Bxg7 Kc7 43. g4 fxg4 44. hxg4 Kxc6 45. Kd4 Kd6 46.
Bf8+ Kc6 47. Bg7 Kb5 48. Bf8 Kc6 1/2-1/2

[Event "European Team-ch 2007"]
[Site "Crete GRE"]
[Date "2007.10.28"]
[Round "1.14"]
[White "Agopov, Mikael"]
[Black "Ivanisevic, Ivan"]
[Result "1/2-1/2"]
[WhiteElo "2440"]
[BlackElo "2607"]
[PlyCount "127"]
[EventDate "2007.10.28"]
[EventType "team"]
[EventRounds "9"]
[EventCountry "GRE"]
[Source "lmi"]
[SourceDate "2007.10.28"]
[WhiteTeam "Finland"]
[BlackTeam "SRB"]
[WhiteTeamCountry "FIN"]

1. e4 e5 2. Nf3 d6 3. d4 exd4 4. Nxd4 Nf6 5. Nc3 Be7 6. Bf4 O-O 7. Qd2 Nc6 8.
O-O-O Nxd4 9. Qxd4 Be6 10. f3 a6 11. g4 b5 12. Qf2 c6 13. Kb1 Qa5 14. a3 Rfb8
15. Na2 c5 16. Bxd6 Bxd6 17. Rxd6 b4 18. Rxe6 bxa3 19. b3 fxe6 20. Bc4 Rd8 21.
g5 Rd2 22. Qe1 Rad8 23. gxf6 Rd1+ 24. Qxd1 Rxd1+ 25. Rxd1 gxf6 26. Bxe6+ Kf8
27. Bd5 Qc7 28. Nc1 Qxh2 29. Nd3 h5 30. f4 Ke7 31. e5 h4 32. Be4 fxe5 33. fxe5
h3 34. Rc1 Qd2 35. Ka2 a5 36. Kxa3 c4 37. Rh1 cxd3 38. cxd3 h2 39. Rf1 Ke6 40.
Rf6+ Kxe5 41. Rf5+ Kd4 42. Rd5+ Ke3 43. Rh5 Qb4+ 44. Ka2 Qd6 45. Rxa5 Qh6 46.
Ra4 Kd2 47. Rc4 h1=Q 48. Bxh1 Qxh1 49. Kb2 Kxd3 50. Rc3+ Kd4 51. Rc4+ Kd5 52.
Ka2 Qe1 53. Kb2 Qe7 54. Ka2 Qf6 55. Kb1 Qf2 56. Ka1 Qa7+ 57. Kb2 Ke5 58. Ra4
Qf2+ 59. Kb1 Qe1+ 60. Kc2 Qe2+ 61. Kc3 Qe1+ 62. Kc2 Kd6 63. Rc4 Kd5 64. Kb2
1/2-1/2

[Event "European Team-ch 2007"]
[Site "Crete GRE"]
[Date "2007.10.28"]
[Round "1.14"]
[White "Miladinovic, Igor"]
[Black "Karttunen, Mika"]
[Result "1-0"]
[WhiteElo "2603"]
[BlackElo "2427"]
[PlyCount "51"]
[EventDate "2007.10.28"]
[EventType "team"]
[EventRounds "9"]
[EventCountry "GRE"]
[Source "lmi"]
[SourceDate "2007.10.28"]
[WhiteTeam "SRB"]
[BlackTeam "Finland"]
[BlackTeamCountry "FIN"]

1. d4 d5 2. c4 c6 3. cxd5 cxd5 4. Nc3 Nf6 5. Bf4 Nc6 6. e3 a6 7. Rc1 Bf5 8. f3
e6 9. g4 Bg6 10. h4 h6 11. Bd3 Bxd3 12. Qxd3 Bd6 13. Nge2 Bxf4 14. exf4 g6 15.
Qe3 Qe7 16. Kf2 h5 17. g5 Nd7 18. f5 gxf5 19. Ng3 Nb6 20. b3 Qb4 21. Nce2 O-O-O
22. Nf4 Kb8 23. Rcd1 Rhe8 24. Ngxh5 e5 25. Nd3 f4 26. Qxe5+ 1-0

[Event "European Team-ch 2007"]
[Site "Crete GRE"]
[Date "2007.10.28"]
[Round "1.14"]
[White "Westerinen, Heikki M J"]
[Black "Markus, Robert"]
[Result "1/2-1/2"]
[WhiteElo "2371"]
[BlackElo "2586"]
[PlyCount "66"]
[EventDate "2007.10.28"]
[EventType "team"]
[EventRounds "9"]
[EventCountry "GRE"]
[Source "lmi"]
[SourceDate "2007.10.28"]
[WhiteTeam "Finland"]
[BlackTeam "SRB"]
[WhiteTeamCountry "FIN"]

1. e4 c5 2. d4 cxd4 3. c3 d3 4. Bxd3 Nc6 5. c4 e5 6. Be3 Bb4+ 7. Nc3 Nf6 8. Rc1
d6 9. h3 O-O 10. Nge2 Be6 11. O-O Nd7 12. Nd5 Bc5 13. Qd2 Bxe3 14. Qxe3 Qa5 15.
Bb1 Qc5 16. Rfd1 Rad8 17. b3 Qxe3 18. Nxe3 Nf6 19. Nd5 Bxd5 20. cxd5 Ne7 21.
Rc7 Rd7 22. Rdc1 Rfd8 23. b4 Rxc7 24. Rxc7 Rd7 25. Rc3 Ne8 26. a4 Rc7 27. f3 g6
28. Kf2 Kg7 29. Bd3 f5 30. g3 Kf6 31. h4 h5 32. Bb5 Rxc3 33. Nxc3 Nc7 1/2-1/2

[Event "European Team-ch 2007"]
[Site "Crete GRE"]
[Date "2007.10.28"]
[Round "1.14"]
[White "Sedlak, Nikola"]
[Black "Keskinen, Sauli"]
[Result "1-0"]
[WhiteElo "2605"]
[BlackElo "2298"]
[PlyCount "67"]
[EventDate "2007.10.28"]
[EventType "team"]
[EventRounds "9"]
[EventCountry "GRE"]
[Source "lmi"]
[SourceDate "2007.10.28"]
[WhiteTeam "SRB"]
[BlackTeam "Finland"]
[BlackTeamCountry "FIN"]

1. e4 d6 2. d4 Nf6 3. Nc3 g6 4. Be3 c6 5. Nf3 Nbd7 6. h3 e5 7. Qd2 b5 8. Bd3
Bb7 9. dxe5 dxe5 10. O-O Qe7 11. Ne2 Nc5 12. Ng3 Bg7 13. b4 Nxd3 14. cxd3 Nd7
15. a4 O-O 16. axb5 cxb5 17. Rfc1 Qd6 18. Rxa7 Rxa7 19. Bxa7 Ra8 20. Bc5 Nxc5
21. Rxc5 Bc6 22. Qc3 Be8 23. Nxe5 Rd8 24. Rd5 Qe7 25. Rxd8 Qxd8 26. d4 h5 27.
Nf3 h4 28. Nf1 Qe7 29. e5 Bf8 30. Ne3 Qxb4 31. Qc8 Qb1+ 32. Kh2 Qa2 33. Ng4 Qe6
34. Nf6+ 1-0

[Event "European Team-ch 2007"]
[Site "Crete GRE"]
[Date "2007.10.28"]
[Round "1.15"]
[White "Gustafsson, Jan"]
[Black "Winants, Luc"]
[Result "1-0"]
[WhiteElo "2606"]
[BlackElo "2504"]
[PlyCount "109"]
[EventDate "2007.10.28"]
[EventType "team"]
[EventRounds "9"]
[EventCountry "GRE"]
[Source "lmi"]
[SourceDate "2007.10.28"]
[WhiteTeam "Germany"]
[BlackTeam "Belgium"]
[WhiteTeamCountry "GER"]
[BlackTeamCountry "BEL"]

1. d4 Nf6 2. c4 e6 3. Nc3 Bb4 4. Qc2 Nc6 5. Nf3 d6 6. Bg5 h6 7. Bd2 O-O 8. a3
Bxc3 9. Bxc3 Re8 10. Rd1 Qe7 11. e3 e5 12. d5 Nb8 13. Nd2 e4 14. Bxf6 gxf6 15.
Nb3 Qe5 16. Nd4 f5 17. g3 c5 18. dxc6 Nxc6 19. Be2 Be6 20. O-O Rac8 21. Qa4 a6
22. Rd2 Nxd4 23. Rxd4 Rc6 24. Rfd1 Rec8 25. Qb4 Qc5 26. Qd2 Kf8 27. Rxd6 Qxd6
28. Qxd6+ Rxd6 29. Rxd6 Bxc4 30. Bxc4 Rxc4 31. Rxh6 Kg7 32. Rb6 Rc7 33. Kg2 f6
34. h3 Kg6 35. g4 fxg4 36. hxg4 Kg5 37. Kg3 f5 38. Re6 Rc1 39. Re7 Rg1+ 40. Kh2
Rxg4 41. Rxb7 Rh4+ 42. Kg2 Rh6 43. b4 f4 44. Rg7+ Kf6 45. Rc7 Kg5 46. Rc4 Kf5
47. exf4 Rd6 48. f3 e3 49. Re4 Rd3 50. a4 Ra3 51. a5 Rb3 52. Kg3 Kf6 53. Kg4 e2
54. Rxe2 Rxb4 55. Rc2 1-0